000 00358nam a2200157Ia 4500
100 _aHubbard/J.R/ Huray/A
650 _aDatastructures
942 _cBK
366 _f20
654 _adatastructures
245 _aDatastructures with Java
260 _bPearson Education
_aMumbai
_c2007
082 _a005.73/HUB
_bHUB
300 _a551
546 _aENGLISH
999 _c30112
_d30112